000 00675nam a2200241Ia 4500
003 OSt
005 20220925221754.0
006 a|||||r|||| 00| 0
007 ta
008 220923b |||||||| |||| 00| 0 eng d
020 _a902 308 67 x
037 _cGeneral Book
040 _aRTL
_cRTL
_beng
041 _2eng
_aeng
082 _aX:3M24xM18:g, L6
100 _aAnderson Perry
_923588
245 0 _aConsiderations on western Marxism.
260 _aLondon
_bNLB
_c1976
300 _aviii, 125p
_ccm.
650 _aEconomic Classics Karl Marx
_9233100
942 _hX:3M24xM18:g, L6
_cGB
_2CC
999 _c575311
_d575311